2.500 años de literatura universal : (Registro nro. 11590)

Detalles MARC
000 -LIDER
fixed length control field 01259nam a22003137a 4500
001 - NÚMERO DE CONTROL
Identificador de número de control 67441
003 - IDENTIFICACDOR DE NÚMERO DE CONTROL
control field DO-SdBPM
005 - DATE AND TIME OF LATEST TRANSACTION
control field 20250129095249.0
007 - CAMPOS FIJOS DE DESCRIPCIÓN FÍSICA
fixed length control field 67441
008 - ELEMENTOS DE LONGITUD FIJA
fixed length control field 161018b2006 ck |||| 00| 0 spa d
020 ## - ISBN
International Standard Book Number 9586773493
040 ## - FUENTE DE CATALOGACIÓN
Agencia que crea de manera original el registro DO-SdBPM
Idioma de catalogación spa
Agencia que realiza la transcripción BPMSU
082 #4 - NÚMERO DE CLASIFICACIÓN DECIMAL DE DEWEY
Classification number R928.03
Item number D722m 2006
Edition number 22
245 00 - MENCIÓN DE TITULO
Título 2.500 años de literatura universal :
Subtítulo consultor bibliográfico y literario /
Mención de responsabilidad actualización Mario Méndez ; colaboradores Gilberto Loaiza Cano ... [et al.].
246 13 - VARIACION DEL TÍTULO
Título propiamente dicho o título corto Dos mil quinientos años de literatura universal :
Subtítulo consultor bibliográfico y literario
250 ## - MENCIÓN DE EDICION
Mención de edición Coordinación editorial Fanny Zamora Nieto.
260 ## - PUBLICACIÓN, DISTRIBUCIÓN, ETC. (PIE DE IMPRENTA)
Lugar de publicación, distribución, etc Bogotá, Colombia :
Nombre del editor, distribuidor, etc. Zamora Editores,
Fecha de publicación, distribución, etc 2006.
300 ## - DESCRIPCIÓN FÍSICA
Extensión 1370 p. ;
Otros detalles físicos 27 cm.
500 ## - NOTA GENERAL
Nota general Incluye índice.
505 0# - NOTA DE CONTENIDO
Texto normalizado de contenido Autores de cuento, drama, ensayo, historia, leyenda, metafísica, mito, novela, poesía, prosa, teatro.
650 #4 - ENCABEZAMIENTO DE MATERIA--TEMÁTICO
Término temático o nombre geográfico como elemento de entrada Literatos
Subdivisión de forma Biografías
-- Diccionarios
650 #4 - ENCABEZAMIENTO DE MATERIA--TEMÁTICO
Término temático o nombre geográfico como elemento de entrada Autores
Subdivisión de forma Biografías
-- Diccionarios
650 #4 - ENCABEZAMIENTO DE MATERIA--TEMÁTICO
Término temático o nombre geográfico como elemento de entrada Obras literarias
Subdivisión de forma Diccionarios
700 1# - ASIENTO SECUNDARIO -- NOMBRE PERSONAL
Nombre personal Méndez, Mario.
Mención de responsabilidad editor
700 1# - ASIENTO SECUNDARIO -- NOMBRE PERSONAL
Nombre personal Loaiza Cano, Gilberto,
Fechas asociadas con el nombre 1963-
700 1# - ASIENTO SECUNDARIO -- NOMBRE PERSONAL
Nombre personal Zamora Nieto, Fanny,
Forma completa del nombre editora
910 ## - VALIDACIÓN
Validación VMateo V. Control de calidad. BPMSU
942 ## - ADDED ENTRY ELEMENTS (KOHA)
Source of classification or shelving scheme Dewey Decimal Classification
Koha item type Libros
Existencias
Withdrawn status Lost status Source of classification or shelving scheme Damaged status Not for loan Collection code Home library Current library Date acquired Source of acquisition Total Checkouts Full call number Barcode Date last seen Price effective from Koha item type
    Dewey Decimal Classification     Colección General Biblioteca Pública Metropolitana Salomé Ureña Biblioteca Pública Metropolitana Salomé Ureña 10/18/2016 Compra   R928.03 D722a BPMET16100231 10/18/2016 10/18/2016 Libros
    Dewey Decimal Classification     Colección de Referencia General Biblioteca Pública Metropolitana Salomé Ureña Biblioteca Pública Metropolitana Salomé Ureña 01/29/2025     BPMSU CGR R928.03 D722m 2006 BPMSU25010032 01/29/2025 01/29/2025 Libros